Countries by neighbours #3 - Statistics

General Stats
  • This quiz has been taken 13 times
  • The average score is 9 of 10
Answer Stats
Hint Answer % Correct
Benin, Cameroon, Chad, Niger Nigeria
100%
Canada, Mexico United States
100%
Djibouti, Eritrea, Kenya, Somalia, South Sudan, Sudan Ethiopia
91%
East Timor, Malaysia, Papua new Guinea Indonesia
91%
Belarus, Latvia, Poland, Russia Lithuania
91%
Argentina, Bolivia, Peru Chile
82%
Austria, Switzerland Liechtenstein
82%
Algeria, Mali, Morocco, Senegal Mauritania
82%
Finland, Russia, Sweden Norway
82%
Afghanistan, China, India, Iran Pakistan
82%
No matching quizzes found
Score Distribution
Percent of People with Each Score
Percentile by Number Answered
Your Score History
You have not taken this quiz